Umthombo wothando (well of love) izindaba zesiZulu zamazinga aphasi naphezulu (Record no. 787161)
[ view plain ]
| 000 -LEADER | |
|---|---|
| fixed length control field | 00587nam a22001817a 4500 |
| 003 - CONTROL NUMBER IDENTIFIER | |
| control field | 3228 |
| 005 - DATE AND TIME OF LATEST TRANSACTION | |
| control field | 20251009092443.0 |
| 008 - FIXED-LENGTH DATA ELEMENTS--GENERAL INFORMATION | |
| fixed length control field | 251009b sa ||||| |||| 00| 0 eng d |
| 020 ## - INTERNATIONAL STANDARD BOOK NUMBER | |
| International Standard Book Number | [unknown] |
| Qualifying information | paperback |
| 040 ## - CATALOGING SOURCE | |
| Original cataloging agency | mpl |
| Transcribing agency | 3228 |
| Description conventions | Resource Description and Access |
| 041 ## - LANGUAGE CODE | |
| Language code of text/sound track or separate title | IsiZulu |
| 100 ## - MAIN ENTRY--PERSONAL NAME | |
| 9 (RLIN) | 179323 |
| Personal name | Sithebe, Siphiwe |
| 245 ## - TITLE STATEMENT | |
| Title | Umthombo wothando (well of love) izindaba zesiZulu zamazinga aphasi naphezulu |
| Statement of responsibility, etc. | Sithebe, Siphiwe |
| 260 ## - PUBLICATION, DISTRIBUTION, ETC. | |
| Place of publication, distribution, etc. | Bloemfontein: |
| Name of publisher, distributor, etc. | Umnotho Enterprises |
| Date of publication, distribution, etc. | 2019 |
| 300 ## - PHYSICAL DESCRIPTION | |
| Extent | 17 pages |
| Other physical details | colour illustrations |
| Dimensions | 20 cm |
| 700 ## - ADDED ENTRY--PERSONAL NAME | |
| 9 (RLIN) | 179323 |
| Personal name | Sithebe, Siphiwe |
| Relator term | author |
| 942 ## - ADDED ENTRY ELEMENTS | |
| Source of classification or shelving scheme | Dewey Decimal Classification |
| item type | Book |
| -- | 6786 |
| -- | Chimezie Obi |
| -- | 6786 |
| -- | Chimezie Obi |
No items available.